Miguel de Cervantes Saavedra (Record no. 17941)

MARC details
000 -LEADER
campo de control de longitud fija 00700nam a2200205 i 4500
001 - NÚMERO DE CONTROL
campo de control 17941
003 - IDENTIFICADOR DE NÚMERO DE CONTROL
campo de control ES-MaACL
005 - FECHA Y HORA DE LA ÚLTIMA TRANSACCIÓN
campo de control 20230906151725.0
007 - CAMPO FIJO DE DESCRIPCIÓN FÍSICA--INFORMACIÓN GENERAL
campo de control de longitud fija t|
008 - DATOS DE LONGITUD FIJA--INFORMACIÓN GENERAL
campo de control de longitud fija 010626s1944 ag ||||1| spa d
080 ## - NÚMERO DE LA CLASIFICACIÓN DECIMAL UNIVERSAL
Número de la Clasificación Decimal Universal 929 Cervantes Saavedra, Miguel de
100 1# - ENTRADA PRINCIPAL--NOMBRE DE PERSONA
Nombre de persona Fitzmaurice-Kelly, James.
9 (RLIN) 51075
245 10 - MENCIÓN DEL TÍTULO
Título Miguel de Cervantes Saavedra
Resto del título : reseña documentada de su vida /
Mención de responsabilidad, etc. Jaime Fitzmaurice-Kelly.
260 ## - PUBLICACIÓN, DISTRIBUCIÓN, ETC.
Lugar de publicación, distribución, etc. Buenos Aires :
Nombre del editor, distribuidor, etc. Bajel,
Fecha de publicación, distribución, etc. 1944.
300 ## - DESCRIPCIÓN FÍSICA
Extensión 243 p., [10] h. de lám. ;
Dimensiones 23 cm.
500 ## - NOTA GENERAL
Nota general Biblioteca Juan Andrade.
600 14 - PUNTO DE ACCESO ADICIONAL DE MATERIA--NOMBRE DE PERSONA
Nombre de persona Cervantes Saavedra, Miguel de,
Fechas asociadas al nombre 1547-1616-
Subdivisión general Biografías
9 (RLIN) 37596
852 ## - LOCALIZACIÓN
Ubicación ES-MaACL
Número de control de estantería AND-53
Sublocalización o colección R.109382
Holdings
Estatus retirado Estado de pérdida Estado de daño No para préstamo Biblioteca de origen Biblioteca actual Ubicación en estantería Fecha de adquisición Fuente de adquisición Total de préstamos Signatura topográfica completa Código de barras Visto por última vez Precio de reemplazo Tipo de ítem Koha
        Biblioteca del Ateneo de Madrid Biblioteca del Ateneo de Madrid Depósito 2 17/01/2008     AND-53 1018328 23/02/2023 23/02/2023 Libro impreso